000 00712nam a2200181Ia 4500
008 100920s9999 xx 000 0 und d
082 _b8881
_a891.43 थ 55
100 _aकृष्णचन्द्र.
245 _aस्वराज्य के पचास वर्ष बाद.
260 _bराजपाल एण्ड सन्स ,कश्मीरी गेट, दिल्ली.
_c1955
300 _a175
_bसाधी
365 _b3
520 _aहिंदी.
630 _aस्वराज्य के पचास वर्ष बाद.
650 _aहिंदी.
730 _aस्वराज्य के पचास वर्ष बाद.
942 _cBOOK
999 _c676029
_d676026